Places: Star Wars or Middle-earth Quiz Stats

 Plays Quiz Updated Jun 30, 2018

Score 0/25 Timer 02:00
1 Play Today
Place Realm % Correct
Rivendell???
91.5%
Mordor???
91.4%
Isengard???
90.9%
Coruscant???
90.2%
Gondor???
89.7%
Dagobah???
89.6%
Jedha???
89.5%
Alderaan???
89.3%
Kashyyyk???
88.7%
Fangorn???
88.2%
Rohan???
87.9%
Lothlorien???
86%
Bespin???
85.9%
Place Realm % Correct
Tatooine???
84.2%
Utapau???
84.1%
Scarif???
83.2%
Esgaroth???
82.4%
Eriador???
82.1%
Ahch-To???
81%
Arnor???
76.3%
Khazad Dum???
75.7%
Felucia???
74.8%
Mandalore???
72.9%
Dol Amroth???
72.3%
Dathomir???
47.9%

You're not logged in!

Compare scores with friends on all Sporcle quizzes.
OR
Log In

Sporcle TV

Today on Sporcle TV


Watch our educational content, quiz creation guides, and fun videos on Sporcle TV.

Show Comments

Extras

Top Quizzes Today


Score Distribution

Your Account Isn't Verified!

In order to create a playlist on Sporcle, you need to verify the email address you used during registration. Go to your Sporcle Settings to finish the process.

Report this User

Report this user for behavior that violates our Community Guidelines.

Details: